在空白地图上画出云南所有县级行政区Counties in Yunnan with an empty map - Statistics

General Stats
  • This quiz has been taken 113 times
  • The average score is 80 of 129
Answers on the Map
Answers color-coded by a green-red scale on the quiz's map according to % correct below.
 
Answer Stats
地级 县级 % Correct
大理白族自治州 大理市
94%
迪庆藏族自治州 香格里拉市
94%
楚雄彝族自治州 楚雄市
90%
红河哈尼族彝族自治州 红河县
90%
文山壮族苗族自治州 文山市
90%
怒江傈僳族自治州 泸水市
90%
昆明市 官渡区
87%
曲靖市 宣威市
87%
西双版纳傣族自治州 景洪市
87%
昆明市 东川区
84%
丽江市 古城区
84%
丽江市 玉龙纳西族自治县
84%
红河哈尼族彝族自治州 个旧市
84%
红河哈尼族彝族自治州 蒙自市
84%
德宏傣族景颇族自治州 瑞丽市
84%
德宏傣族景颇族自治州 芒市
84%
昆明市 五华区
81%
昆明市 盘龙区
81%
昆明市 呈贡区
81%
昆明市 安宁市
81%
玉溪市 红塔区
81%
保山市 腾冲市
81%
红河哈尼族彝族自治州 弥勒市
81%
西双版纳傣族自治州 勐海县
81%
昆明市 西山区
77%
昆明市 石林彝族自治县
77%
玉溪市 澄江市
77%
昭通市 水富市
77%
楚雄彝族自治州 元谋县
77%
西双版纳傣族自治州 勐腊县
77%
昆明市 禄劝彝族苗族自治县
74%
昭通市 昭阳区
74%
普洱市 思茅区
74%
临沧市 云县
74%
昆明市 晋宁区
71%
曲靖市 马龙区
71%
昭通市 盐津县
71%
昭通市 彝良县
71%
普洱市 澜沧拉祜族自治县
71%
红河哈尼族彝族自治州 开远市
71%
昆明市 寻甸回族彝族自治县
68%
曲靖市 麒麟区
68%
昭通市 鲁甸县
68%
丽江市 华坪县
68%
丽江市 宁蒗彝族自治县
68%
迪庆藏族自治州 德钦县
68%
昆明市 宜良县
65%
昆明市 嵩明县
65%
曲靖市 沾益区
65%
普洱市 西盟佤族自治县
65%
红河哈尼族彝族自治州 建水县
65%
红河哈尼族彝族自治州 绿春县
65%
红河哈尼族彝族自治州 河口瑶族自治县
65%
文山壮族苗族自治州 麻栗坡县
65%
文山壮族苗族自治州 马关县
65%
怒江傈僳族自治州 兰坪白族普米族自治县
65%
迪庆藏族自治州 维西傈僳族自治县
65%
保山市 隆阳区
61%
昭通市 巧家县
61%
昭通市 绥江县
61%
昭通市 镇雄县
61%
普洱市 宁洱哈尼族彝族自治县
61%
临沧市 临翔区
61%
临沧市 沧源佤族自治县
61%
楚雄彝族自治州 禄丰市
61%
大理白族自治州 漾濞彝族自治县
61%
怒江傈僳族自治州 福贡县
61%
怒江傈僳族自治州 贡山独龙族怒族自治县
61%
昆明市 富民县
58%
曲靖市 会泽县
58%
玉溪市 元江哈尼族彝族傣族自治县
58%
昭通市 大关县
58%
昭通市 威信县
58%
普洱市 墨江哈尼族自治县
58%
临沧市 双江拉祜族佤族布朗族傣族自治县
58%
楚雄彝族自治州 武定县
58%
红河哈尼族彝族自治州 元阳县
58%
文山壮族苗族自治州 广南县
58%
大理白族自治州 祥云县
58%
大理白族自治州 弥渡县
58%
大理白族自治州 巍山彝族回族自治县
58%
大理白族自治州 洱源县
58%
曲靖市 陆良县
55%
玉溪市 通海县
55%
玉溪市 华宁县
55%
玉溪市 易门县
55%
普洱市 孟连傣族拉祜族佤族自治县
55%
楚雄彝族自治州 大姚县
55%
玉溪市 江川区
52%
玉溪市 峨山彝族自治县
52%
临沧市 耿马傣族佤族自治县
52%
楚雄彝族自治州 南华县
52%
楚雄彝族自治州 姚安县
52%
红河哈尼族彝族自治州 石屏县
52%
红河哈尼族彝族自治州 金平苗族瑶族傣族自治县
52%
文山壮族苗族自治州 砚山县
52%
文山壮族苗族自治州 丘北县
52%
德宏傣族景颇族自治州 陇川县
52%
曲靖市 罗平县
48%
曲靖市 富源县
48%
玉溪市 新平彝族傣族自治县
48%
普洱市 景谷傣族彝族自治县
48%
临沧市 凤庆县
48%
红河哈尼族彝族自治州 泸西县
48%
大理白族自治州 宾川县
48%
大理白族自治州 剑川县
48%
大理白族自治州 鹤庆县
48%
曲靖市 师宗县
45%
普洱市 景东彝族自治县
45%
文山壮族苗族自治州 西畴县
45%
大理白族自治州 永平县
45%
保山市 龙陵县
42%
昭通市 永善县
42%
丽江市 永胜县
42%
楚雄彝族自治州 牟定县
42%
红河哈尼族彝族自治州 屏边苗族自治县
42%
文山壮族苗族自治州 富宁县
42%
大理白族自治州 云龙县
42%
德宏傣族景颇族自治州 梁河县
42%
普洱市 江城哈尼族彝族自治县
39%
楚雄彝族自治州 永仁县
39%
大理白族自治州 南涧彝族自治县
39%
德宏傣族景颇族自治州 盈江县
39%
保山市 施甸县
32%
普洱市 镇沅彝族哈尼族拉祜族自治县
32%
楚雄彝族自治州 双柏县
32%
保山市 昌宁县
26%
临沧市 永德县
26%
临沧市 镇康县
26%
No matching quizzes found
Score Distribution
Percent of People with Each Score
Percentile by Number Answered
Your Score History
You have not taken this quiz